Tercera floresta de incunables. (Record no. 186003)

MARC details
000 -LEADER
campo de control de longitud fija 01066nam a2200181 i 4500
001 - NÚMERO DE CONTROL
campo de control 186003
003 - IDENTIFICADOR DE NÚMERO DE CONTROL
campo de control ES-MaACL
005 - FECHA Y HORA DE LA ÚLTIMA TRANSACCIÓN
campo de control 20230906222548.0
008 - DATOS DE LONGITUD FIJA--INFORMACIÓN GENERAL
campo de control de longitud fija 160902s1958 sp |||| | spa d
245 00 - MENCIÓN DEL TÍTULO
Título Tercera floresta de incunables.
260 ## - PUBLICACIÓN, DISTRIBUCIÓN, ETC.
Lugar de publicación, distribución, etc. Valencia :
Nombre del editor, distribuidor, etc. La Fonte que Mana y Corre,
Fecha de publicación, distribución, etc. 1958.
300 ## - DESCRIPCIÓN FÍSICA
Extensión 55 h. ;
Dimensiones 25 cm.
490 1# - MENCIÓN DE SERIE
Mención de serie Incunables poéticos castellanos ;
Designación de volumen o secuencia 8
505 8# - NOTA DE CONTENIDO CON FORMATO
Nota de contenido con formato Contiene: 1. Diego de San Pedro. La Pasión trobada [Salamanca. L. Hutz y L. Sanz, c. 1494-95] 2. Coplas hechas sobre el casamiento de la hoja del rey de España... [Burgos. F. de Basilea, d. oct. 1496] 3. Jorge Manrique. Coplas a la muerte de su padre (contenidas en la ed. de Iñigo de Mendoza: Vita Christi por coplas) [Zaragoza, P. Hurus y J. Planck c. 1479-84] 4. Roman, Comendador. Obra sobre el fallecimiento del principe don Juan. [Toledo, G. Tellez c. 1498] 5. Iñigo de Mendoza. Gozos de Nuestra Señora. [Sevilla. J. Cromberger c. 1515?]
830 0# - PUNTO DE ACCESO ADICIONAL DE SERIE-TÍTULO UNIFORME
Título uniforme Incunables poéticos castellanos ;
Designación de volumen o secuencia 8
9 (RLIN) 192454
852 ## - LOCALIZACIÓN
Ubicación ES-MaACL
Número de control de estantería E-3405
Holdings
Estatus retirado Estado de pérdida Estado de daño No para préstamo Biblioteca de origen Biblioteca actual Ubicación en estantería Fecha de adquisición Fuente de adquisición Total de préstamos Signatura topográfica completa Código de barras Visto por última vez Precio de reemplazo Tipo de ítem Koha
        Biblioteca del Ateneo de Madrid Biblioteca del Ateneo de Madrid Depósito 2 02/09/2016     E-3405 1196096 23/02/2023 23/02/2023 Libro impreso